00466pab a2200169 454500008004000000100002000040245003600060260000900096300001300105362001100118650001400129773001500143908000600158909001000164999001700174952010500191180718b2012 xxu||||| |||| 00| 0 eng d aGatade, Subhash aOnce there was Hindutva terror? c2012 ap.43-56. a18 Aug aTerrorism aMainstream aN a97131 c97131d97131 00104070aIIPAbIIPAd2018-07-19hVolume no: 50, Issue no: 35pAR97591r2018-07-19w2018-07-19yAR